[Event "Hessen-chA"]
[Site "Frankfurt"]
[Date "2019.06.01"]
[Round "6"]
[White "Alkayas, Shadi"]
[Black "Rabiya, Karim"]
[Result "1-0"]
[WhiteElo "1760"]
[BlackElo "1826"]
[PlyCount "73"]
[EventDate "2019.05.30"]
[EventType "swiss"]
[EventRounds "7"]
[EventCountry "GER"]
[SourceTitle "EXT 2020"]
[Source "ChessBase"]
[SourceDate "2019.10.17"]
[SourceVersion "1"]
[SourceVersionDate "2019.10.17"]
[SourceQuality "1"]

1. e4 Nf6 2. Nc3 e5 3. Bc4 Bc5 4. d3 c6 5. Bg5 b5 6. Bb3 a5 7. a3 d6 8. h3 Be6 9. Nf3 Bxb3 10. cxb3 Qb6 11. 0-0 Nbd7 12. b4 axb4 13. axb4 Rxa1 14. Qxa1 Bxb4 15. Qa8+ Nb8 16. Be3 c5 17. Ra1 0-0 18. Qa7 Qxa7 19. Rxa7 Nc6 20. Ra6 Rc8 21. Nxb5 c4 22. dxc4 Nxe4 23. Ra4 Bc5 24. Nd2 Nxd2 25. Bxd2 Nd4 26. b4 Nxb5 27. bxc5 Nd4 28. cxd6 f6 29. d7 Rd8 30. Ra7 Ne6 31. Ba5 Rb8 32. Bc7 Rf8 33. Bd6 Rd8 34. c5 Kf7 35. c6 h5 36. Bb4 g5 37. Ba5 1-0